000 00985nam a2200325 a 4500
001 000009047
003 DO-SdBPM
005 20250626114743.0
007 ta
008 090925s1991 dr 001 0 spa d
040 _aDO-SdBPM
_bspa
_cBPMSU
_drda
082 4 _aRD863.44
_bG261g 1991
_222
100 1 _aGatón Arce, Freddy,
_d1920-1994
_eautor
100 z _a Arce, Freddy Gatón,
_d1920-1994
245 1 3 _aLa guerrillera Sila Cuásar /
_cFreddy Gatón Arce.
260 _c
264 _aSanto Domingo :
_bEditora Taller,
_c1991
300 _a69 páginas. ;
_c18 cm.
336 _atexto
_btxt
_2rdacontent
337 _asin mediación
_bn
_2rdamedia
338 _avolumen
_bnc
_2rdacarrier
504 _aBibliografía : página . 69
590 _aInventariado, 2025/VM
650 7 _aNovela dominicana
650 7 _aLiteratura dominicana.
650 z _aDominican fictions
650 z _aDominican literature
910 _aVMateo V. Control de calidad BPMSU
942 _2ddc
_cBK
999 _c15227
_d15227